000 00671cam a22002531 4500
001 30998
003 BD-RjUL
005 20211209051640.0
008 140413s1960 ohua 001 0 eng
035 _a(BD-RjUL)31085
035 _a(OCoLC)491595
040 _aDLC
_cOKentU
_dOCoLC
_dDLC
_beng
041 _aeng
082 0 0 _a181.11
_bYUF 1960
100 1 _a Yutang, Lin,
_d1895-1976.
_977251
245 1 0 _aFrom pagan to Christian /
_cLin Yutang.
260 _aLondon :
_bHeinemann,
_c1960.
300 _a251 p. :
_billus. ;
_c22 cm.
504 _aIncludes index.
650 0 _aConverts.
_994231
942 _2ddc
_cBK
999 _c30998
_d30998